Государственная служба в Российской Федерации и этика государственного служащего: электронный курс
| Päätekijä: | |
|---|---|
| Yhteisötekijä: | |
| Yhteenveto: | Заглавие с экрана Курс "Государственная служба в Российской Федерации и этика государственного служащего" ориентирован на формирование у студентов системы знаний о теории государственной службы, системе государственной службы в РФ, ее количественном и качественном составе, статусе, культуре и ответственности государственного служащего. Изучение курса «Государственная служба в Российской Федерации и этика государственного служащего» позволяет вооружить студентов как будущих государственных служащих на основе этого знания навыками и умениями, необходимыми для их успешной адаптации и профессиональной деятельности в таможенной службе РФ. Доступ по логину и паролю |
| Kieli: | venäjä |
| Julkaistu: |
Томск, TPU Moodle, 2015
|
| Aiheet: | |
| Linkit: | http://design.lms.tpu.ru/course/view.php?id=765 |
| Aineistotyyppi: | MixedMaterials Elektroninen Kirja |
| KOHA link: | https://koha.lib.tpu.ru/cgi-bin/koha/opac-detail.pl?biblionumber=651809 |
MARC
| LEADER | 00000nlm0a2200000 4500 | ||
|---|---|---|---|
| 001 | 651809 | ||
| 005 | 20231102025823.0 | ||
| 035 | |a (RuTPU)RU\TPU\network\17071 | ||
| 035 | |a RU\TPU\network\17070 | ||
| 090 | |a 651809 | ||
| 100 | |a 20161123d2015 m y0rusy50 ca | ||
| 101 | 0 | |a rus | |
| 102 | |a RU | ||
| 105 | |a a j 000zy | ||
| 135 | |a jrcn ---uucaa | ||
| 181 | 0 | |a i | |
| 182 | 0 | |a b | |
| 200 | 1 | |a Государственная служба в Российской Федерации и этика государственного служащего |e электронный курс |f М. А. Штанько |g Национальный исследовательский Томский политехнический университет (ТПУ), Институт социально-гуманитарных технологий (ИСГТ), Кафедра истории и регионоведения (ИСТ) | |
| 203 | |a Текст |c электронный | ||
| 210 | |a Томск |c TPU Moodle |d 2015 | ||
| 230 | |a Электрон. дан. | ||
| 300 | |a Заглавие с экрана | ||
| 330 | |a Курс "Государственная служба в Российской Федерации и этика государственного служащего" ориентирован на формирование у студентов системы знаний о теории государственной службы, системе государственной службы в РФ, ее количественном и качественном составе, статусе, культуре и ответственности государственного служащего. Изучение курса «Государственная служба в Российской Федерации и этика государственного служащего» позволяет вооружить студентов как будущих государственных служащих на основе этого знания навыками и умениями, необходимыми для их успешной адаптации и профессиональной деятельности в таможенной службе РФ. | ||
| 333 | |a Доступ по логину и паролю | ||
| 606 | 1 | |a Государственная служба |2 stltpush |3 (RuTPU)RU\TPU\subj\8366 |9 35789 | |
| 606 | 1 | |a Профессиональная этика |2 stltpush |3 (RuTPU)RU\TPU\subj\68298 |9 83726 | |
| 610 | 1 | |a электронный ресурс | |
| 610 | 1 | |a труды учёных ТПУ | |
| 610 | 1 | |a электронное обучение | |
| 610 | 1 | |a электронные курсы ТПУ | |
| 610 | 1 | |a государственная служба | |
| 610 | 1 | |a государственные служащие | |
| 610 | 1 | |a этика | |
| 610 | 1 | |a конфликты | |
| 610 | 1 | |a государственные органы | |
| 610 | 1 | |a кадровая работа | |
| 610 | 1 | |a реестры | |
| 610 | 1 | |a моральные ценности | |
| 610 | 1 | |a долг | |
| 610 | 1 | |a ответственность | |
| 610 | 1 | |a совесть | |
| 610 | 1 | |a честь | |
| 610 | 1 | |a достоинство | |
| 610 | 1 | |a свобода | |
| 610 | 1 | |a справедливость | |
| 610 | 1 | |a равенство | |
| 610 | 1 | |a права граждан | |
| 610 | 1 | |a профессиональная этика | |
| 610 | 1 | |a прикладная этика | |
| 610 | 1 | |a административная этика | |
| 610 | 1 | |a служебная этика | |
| 610 | 1 | |a электронные учебные пособия | |
| 610 | 1 | |a учебные пособия | |
| 686 | |a Х621.01я73 |2 rubbk | ||
| 686 | |a Ю75я73 |2 rubbk | ||
| 700 | 1 | |a Штанько |b М. А. |c философ |c доцент Томского политехнического университета, кандидат философских наук |f 1976- |g Марина Александровна |2 stltpush |3 (RuTPU)RU\TPU\pers\25569 | |
| 712 | 0 | 2 | |a Национальный исследовательский Томский политехнический университет (ТПУ) |b Институт социально-гуманитарных технологий (ИСГТ) |b Кафедра истории и регионоведения (ИСТ) |h 38 |2 stltpush |3 (RuTPU)RU\TPU\col\18372 |
| 801 | 2 | |a RU |b 63413507 |c 20211008 |g RCR | |
| 856 | 4 | |u http://design.lms.tpu.ru/course/view.php?id=765 | |
| 942 | |c CF | ||